<?xml version="1.0" encoding="UTF-8"?>
<record
    xmlns:xsi="http://www.w3.org/2001/XMLSchema-instance"
    xsi:schemaLocation="http://www.loc.gov/MARC21/slim http://www.loc.gov/standards/marcxml/schema/MARC21slim.xsd"
    xmlns="http://www.loc.gov/MARC21/slim">

  <leader>01752nam a22001457a 4500</leader>
  <datafield tag="999" ind1=" " ind2=" ">
    <subfield code="c">524973</subfield>
    <subfield code="d">524973</subfield>
  </datafield>
  <controlfield tag="008">240202b           ||||| |||| 00| 0 eng d</controlfield>
  <datafield tag="100" ind1=" " ind2=" ">
    <subfield code="a">Bist, Deepak Kumar </subfield>
    <subfield code="9">48372</subfield>
  </datafield>
  <datafield tag="245" ind1=" " ind2=" ">
    <subfield code="a">Linking roles with domain competenceis</subfield>
  </datafield>
  <datafield tag="260" ind1=" " ind2=" ">
    <subfield code="a">ISTM Journal of Training Research and Governance  </subfield>
  </datafield>
  <datafield tag="300" ind1=" " ind2=" ">
    <subfield code="a">1(2), Aug, 2021: p.87-98</subfield>
  </datafield>
  <datafield tag="520" ind1=" " ind2=" ">
    <subfield code="a">Domain areas of a Ministry, Department or an Organisation(MDO) consists of those functions which forms the very basis of their existence. For example, foreign exchange management is a domain area of Department of Economic Affairs (DEA) under Ministry of Finance. Any setting up of targets and making a long term plan will be based on the domain area of the MDOs. Any competency required to work in the domain area is domain competency. The domain competency in foreign exchange management area in DEA will include knowledge and skills relating to all aspects of foreign exchange management. Domain competency exists in layers or hierarchy. As we move on from one role to another role in a position or from lower functionaries to higher functionaries, the level of domain competencies also changes. For example, the level of domain competency for an Assistant Section Officer (ASO) level officers will be to know all that is required to initiate the case relating to foreign exchange management. However, this level of domain competency would be much higher for a higher functionary like Director or Joint Secretary who would monitor and evaluate the foreign exchange management polices and if required propose alterations/modifications.- Reproduced 

https://www.istm.gov.in/home/rti_disclosure/235
</subfield>
  </datafield>
  <datafield tag="773" ind1=" " ind2=" ">
    <subfield code="a">ISTM Journal of Training Research and Governance  </subfield>
  </datafield>
  <datafield tag="906" ind1=" " ind2=" ">
    <subfield code="a">CIVIL SERVICES</subfield>
  </datafield>
  <datafield tag="942" ind1=" " ind2=" ">
    <subfield code="c">AR</subfield>
  </datafield>
  <datafield tag="952" ind1=" " ind2=" ">
    <subfield code="0">0</subfield>
    <subfield code="1">0</subfield>
    <subfield code="2">ddc</subfield>
    <subfield code="4">0</subfield>
    <subfield code="7">0</subfield>
    <subfield code="9">400020</subfield>
    <subfield code="a">IIPA</subfield>
    <subfield code="b">IIPA</subfield>
    <subfield code="d">2024-02-02</subfield>
    <subfield code="h">1(2), Aug, 2021: p.87-98</subfield>
    <subfield code="p">AR130803</subfield>
    <subfield code="r">2024-02-02</subfield>
    <subfield code="y">AR</subfield>
  </datafield>
</record>
